000 00507 a2200145 4500
245 _aFrom Tree Dwellings to New Towns
_hprint
020 _a0582536189
250 _a[New ed.]
650 _aENGLISH LANGUAGE RHETORIC
005 20191021095033.0
260 _aenk
_bLongmans
_c1968
084 _aNA7105 .M3 1968
300 _axiv, 178 p. illus., map, plans, ports. 20 cm.
_bxiv, 178 p. illus., map, plans, ports. 20 cm.
_cxiv, 178 p. illus., map, plans, ports. 20 cm.
500 _adrawings by Hans Schwarz.
999 _c11738
_d11738